01576nam a2200301 a 4500001001000000005001700010008004100027041000800068044000700076084002100083100004500104245012500149260005100274300002200325500029400347500006800641500011400709500008800823500003100911500001000942546002500952650005200977650005601029650003401085650004501119700006001164740005001224BRCA_304220190320204100.0220109s1773----ne-a---###---#000-0#fre-u afre ane a350b.B377c17731 aCervantes Saavedra, Miguel ded1547-161610aHistoire de L´Admirable Don Quichotte de la ManchecMiguel de Cervantes Saavedra ; Traduit par Filleau de Saint-Martin. aLa HayabBassompierre et Van den Berghenc1773 a6 v.bil.c18 cm. aContenido : v 1. Primera parte. Advertencia del traductor. Dedicatoria al D. Quijote. Texto. -- v 2. Texto. -- v 3. Segunda parte. Texto. -- v 4. Texto. -- v 5. Primera parte de la continuaciòn escrita por el traductor. -- v 6. Segunda parte de la continuaciòn escrita por el traductor aEdición : Nouvelle edition revueé corrigée et augmentée aCopia de la edición de 1768 de los mismos libreros, con las mismas làminas algo borrosas Lúdovik Osterc aEstado físico : El volumen 1 presenta la encuadernación ligeramente desprendida aCon ex-libris de : Clozier aQM274 aTexto en : francés14aNovela españolayÉpoca clásica, 1500-170014aLiteratura españolayÉpoca clásica, 1500-170014aNovela españolaySiglo XVII14aDon Quijote (Personaje ficticio)eNovela1 aSaint-Martin, Francois Filleau ded1632-1695eTraductor0 aEl Ingenioso Hidalgo Don Quijote de la Mancha